| 000 | 00386nam a2200133 4500 | ||
|---|---|---|---|
| 005 | 20260530115256.0 | ||
| 100 | 1 |
_aCarlos Hinrichsen Et Al _930438 |
|
| 245 | 1 | 0 | _aEncuentro internacional Diseño estratégico |
| 264 | 1 |
_bCentro Metropolitano de Diseño BsAs _c2005 |
|
| 300 | _a186 páginas | ||
| 336 |
_atexto _2rdacontent |
||
| 337 |
_asin medio _2rdamedia |
||
| 338 |
_avolumen _2rdacarrier |
||
| 999 |
_c12588 _d12588 |
||